000 00673nam a2200217Ia 4500
003 OSt
005 20250313161417.0
008 210210b2011 xxu||||| |||| 00| 0 eng d
020 _a8188554782
040 _cAL
041 _ahin
082 _aH891.309 PARR
100 _aPARDESHI (B S)
_9206250
110 _bपरदेशी बी एस
_9206251
245 _aRajendr avasthi ki kahaniyo mein anchlikta:
_bराजेंद्र आवस्ति की कहानियों में आंचिलकता
260 _aKanpur
_bVidya Prakashan
_c2011
300 _a103
690 _aHindi Criticism
_9206258
906 _a065793
942 _2ddc
_cBK
999 _c147095
_d147095